Social aspects of savings (Record no. 77392)

MARC details
000 -LEADER
fixed length control field 00759nam a22002411 4500
001 - CONTROL NUMBER
control field sa 68000696
003 - CONTROL NUMBER IDENTIFIER
control field DLC
005 - DATE AND TIME OF LATEST TRANSACTION
control field 20260227112426.0
008 - FIXED-LENGTH DATA ELEMENTS--GENERAL INFORMATION
fixed length control field 710901s1967 ii b 00000 eng
010 ## - LIBRARY OF CONGRESS CONTROL NUMBER
LC control number sa 68000696
025 ## - OVERSEAS ACQUISITION NUMBER
Overseas acquisition number PL480:I-E-9186
043 ## - GEOGRAPHIC AREA CODE
Geographic area code a-ii---
050 0# - LIBRARY OF CONGRESS CALL NUMBER
Classification number HC440.S3
Item number M818
100 20 - MAIN ENTRY--PERSONAL NAME
Personal name Mutalik Desai, V. R.
245 10 - TITLE STATEMENT
Title Social aspects of savings
Statement of responsibility, etc. [by] V. R. M. Desai.
260 0# - PUBLICATION, DISTRIBUTION, ETC.
Place of publication, distribution, etc. Bombay,
Name of publisher, distributor, etc. Popular Prakashan
Date of publication, distribution, etc. [1967]
300 ## - PHYSICAL DESCRIPTION
Extent xvi, 189 p.
Dimensions 23 cm.
350 ## - PRICE (NR) (BK AM CF MU VM SE) [OBSOLETE]
Price Rs24
500 ## - GENERAL NOTE
General note "Originally prepared and submitted as a thesis for the Postgraduate studies of the University of Bombay ..."
504 ## - BIBLIOGRAPHY, ETC. NOTE
Bibliography, etc. note Bibliography: p. [177]-186.
650 #0 - SUBJECT ADDED ENTRY--TOPICAL TERM
Topical term or geographic name entry element Saving and investment
Geographic subdivision India.
651 #0 - SUBJECT ADDED ENTRY--GEOGRAPHIC NAME
Geographic name India
General subdivision Social conditions.

No items available.

Powered by Koha